Memória Sí-la-bas (Record no. 127748)

MARC details
000 -LÍDER
campo de controle de tamanho fixo 00226 a2200109 4500
001 - NÚMERO DE CONTROLE
campo de controle 127748
020 ## - ISBN - INTERNATIONAL STANDARD BOOK NUMBER
ISBN - International Standard Book Number 7891219016981
040 ## - FONTE DA CATALOGAÇÃO
Instituição que transcreveu o registro Escola Canadense de Niteroi
090 ## - NÚMERO DE CHAMADA LOCAL
Número de chamada (OCLC) (R); Número de chamada, CALL (RLIN) (NR) MP
245 10 - TÍTULO
Título Memória Sí-la-bas
942 ## - ELEMENTOS DE ENTRADA ADICIONADOS (KOHA)
Tipo de material Koha Materiais pedagógicos
Holdings
Situação do descarte Situação das perdas Situação física Não pode ser emprestado Biblioteca de origem Biblioteca atual Data de aquisição Total de empréstimos Número de chamada completo Código de barras Data de último acesso Data do preço efetivo Tipo de material Koha
        Canadian School of Niterói - Piratininga Canadian School of Niterói - Piratininga 09/02/2024   MP A09245 09/02/2024 09/02/2024 Materiais pedagógicos